000 00633nam a2200241 i 4500
001 C2-0255903
003 PPAK
005 20180727223431.0
008 040624s1991 enk |||| ||||| | eng d
020 _a0439977800
040 _aPPAK
_beng
_cPPAK
_erda
082 0 4 _a823
_223
090 0 0 _a823
_bPUL
_dG
100 1 _aPullman, Philip,
_eauthor
245 1 4 _aThe tiger in the well
264 1 _aLondon :
_bScholastics Children's Books ,
_c1991
300 _a431 pages ;
_c20 cm
336 _2rdacontent
_atext
337 _2rdamedia
_aunmediated
338 _2rdacarrier
_avolume
650 1 0 _aEnglish fiction
942 _ddc
_cB
999 _c68175
_d68175